000 00522nam a2200193Ia 4500
005 20140402083024.0
008 140130s9999 xx 000 0 und d
020 _a9780531207376
050 _aD 141
_b.P68 2009
100 _aPrice, Sean Stewart
_931274
245 _cSean Stewart Price.
_aAttila the Hun leader of the barbarian hordes /
260 _bScholastic,
_c2009.
_aUSA :
300 _a128 p. :
_bill. ;
_c20 cm.
440 _v1
_931174
521 _aG8
526 _c980
942 _cBK
_2lcc
999 _c41284
_d41284